| 000 | 01534cam a2200337 a 4500 | ||
|---|---|---|---|
| 001 | 82833 | ||
| 003 | BD-RjUL | ||
| 005 | 20240129110226.0 | ||
| 008 | 240129s1893 ii 000 0 ara d | ||
| 035 | _a(BD-RjUL)82833 | ||
| 040 |
_aHLS _beng _cHLS _dOCLCG _dOCLCF _dOCLCO _dOCLCQ _dDLC |
||
| 041 | _aeng | ||
| 082 |
_223 _a492.75 _bIBS 1893 |
||
| 100 | 1 |
_aإبن الحاجب، عثمان بن عمر، ;; Ibn al-Ḥājib, ʻUthmān ibn ʻUmar, _d1175-1249. _911214 |
|
| 245 | 1 | 0 |
_aشافية إبن الحاجب / ;; Shāfiyah Ibn al-Ḥājib / _cبتصحيح ... محمد عبد ال أحد. ;; bi-taṣḥīḥ ... Muḥammad ʻAbd al- Aḥad. |
| 260 |
_a كانبور، الهند,: _bDar Maṭbaʻ Mujtabāʼī, _c1311 [1893] |
||
| 300 |
_a184 p. ; _c27 cm. |
||
| 500 | _aLithograph. | ||
| 500 | _aDate from colophon. | ||
| 500 | _aLibrary of Congress. Mansuri Book Collection, 6-148. | ||
| 561 | _5DLC | ||
| 650 | 0 |
_aArabic language _xInflection. |
|
| 650 | 0 |
_aArabic language _xGrammar. |
|
| 700 | 1 |
_aʻAbd al-Aḥad, Muḥammad. _910811 |
|
| 700 | 1 |
_aManṣūrī, Maḥmūd al-Imām, _eformer owner. _9413 |
|
| 710 | 2 |
_aMansuri Collection (Library of Congress) _5DLC _96229 |
|
| 880 |
_6260-04/(3/r _aدهلي : _bدر مطبع مجتبائي، _c1311 [1893] |
||
| 880 | 1 |
_6700-05/(3/r _aمنصوري، محمود الإمام، _eformer owner. _5DLC |
|
| 942 |
_2ddc _cBK |
||
| 999 |
_c82833 _d82833 |
||